Lôgic học đại cương

Đối tượng và ý nghĩa của lô gíc học. Khái niệm. Phán đoán. Các quy luật cơ bản của lô gíc hình thức. Suy Luận. Suy luận quy lạp. Chứng minh và bác bỏ. Giả thuyết..

Αποθηκεύτηκε σε:
Λεπτομέρειες βιβλιογραφικής εγγραφής
Κύριος συγγραφέας: Vương, Tất Đạt
Μορφή: Βιβλίο
Γλώσσα:Undetermined
Έκδοση: Hà Nội Đại học Quốc gia Hà Nội 1998
Θέματα:
Ετικέτες: Προσθήκη ετικέτας
Δεν υπάρχουν, Καταχωρήστε ετικέτα πρώτοι!
Thư viện lưu trữ: Trung tâm Học liệu Trường Đại học Cần Thơ
LEADER 00799nam a2200193Ia 4500
001 CTU_28844
008 210402s9999 xx 000 0 und d
082 |a 160 
082 |b Đ110 
100 |a Vương, Tất Đạt 
245 0 |a Lôgic học đại cương 
245 0 |c Vương Tất Đạt 
260 |a Hà Nội 
260 |b Đại học Quốc gia Hà Nội 
260 |c 1998 
520 |a Đối tượng và ý nghĩa của lô gíc học. Khái niệm. Phán đoán. Các quy luật cơ bản của lô gíc hình thức. Suy Luận. Suy luận quy lạp. Chứng minh và bác bỏ. Giả thuyết.. 
650 |a Logic,Lôgic học 
904 |i Q. Hiếu (sửa) 
980 |a Trung tâm Học liệu Trường Đại học Cần Thơ